=LDR 00000nam 2200000 4500 =001 INLIS000000001053399 =005 20250218021054 =035 ##$$a 0010-0225000094 =007 ta =008 250218################g##########0#ind## =020 ##$$a 1829-5878 =082 ##$$a 741.5 =084 ##$$a 741.5 BON w =100 #$$a Bones, keiko nobumoto =245 1#$$a Wolf's rain /$c Bones, keiko nobumoto =260 ##$$a Jakarta :$b Elex Kedia Komputindo,$c 2003 =300 ##$$a 415 halaman : $b ilustrasi ; $c 5 x 7 cm =700 #$$a keiko nobumoto =600 #4$$a komik, bacaan =990 ##$$a 65526552